C♯. Programowanie. Wydanie VI /

Najlepszy podręcznik po?więcony C#! W dzisiejszych czasach szczególnš popularno?ciš cieszš się języki programowania pozwalajšce na pisanie kodu łatwego do przenoszenia między platformami, ponieważ nikt nie ma czasu na pisanie kilku wersji jednej aplikacji. C# to uniwersalny język, który bez trudu sp...

Full description

Bibliographic Details
Main Author: Liberty, Ian Griffiths. Matthew Adams. Jesse
Format: eBook
Language:Undetermined
Published: [Place of publication not identified] : Helion, 2012.
Subjects:
Online Access:Connect to the full text of this electronic book

MARC

Tag First Indicator Second Indicator Subfields
LEADER 00000cam a2200000Mi 4500
001 in00004667163
006 m o d
007 cr |n|||||||||
008 150108s2012 xx o 000 0 und d
005 20260128155305.6
020 |a 9781457175503 
020 |a 1457175509 
035 |a (OCoLC)900313357 
040 |a COO  |b eng  |e pn  |c COO  |d YDXCP  |d EBLCP  |d OCLCQ  |d HS0  |d ERF  |d OCLCQ 
049 |a TXAM 
050 4 |a QA76.73.C153.G754 2012eb 
082 0 4 |a 005.133 
100 1 |a Liberty, Ian Griffiths. Matthew Adams. Jesse. 
245 1 0 |a C♯. Programowanie. Wydanie VI /  |c Ian Griffiths. Matthew Adams. Jesse Liberty. 
260 |a [Place of publication not identified] :  |b Helion,  |c 2012. 
300 |a 1 online resource 
336 |a text  |b txt  |2 rdacontent 
337 |a computer  |b c  |2 rdamedia 
338 |a online resource  |b cr  |2 rdacarrier 
500 |a Title from content provider. 
520 |a Najlepszy podręcznik po?więcony C#! W dzisiejszych czasach szczególnš popularno?ciš cieszš się języki programowania pozwalajšce na pisanie kodu łatwego do przenoszenia między platformami, ponieważ nikt nie ma czasu na pisanie kilku wersji jednej aplikacji. C# to uniwersalny język, który bez trudu spełnia ten wymóg. Dzięki swej elastyczno?ci, wydajno?ci oraz mocnemu wsparciu społeczno?ci zdobył on uznanie programistów. Jego wybór to strzał w dziesištkę!</p><p>Ten bestsellerowy podręcznik pozwoli Ci błyskawicznie poznać wszystkie niuanse języka C# 4.0. Najnowsze wydanie zostało zaktualizowane o nowo?ci w C# oraz zawiera opis tego języka i platformy .NET. W trakcie lektury nauczysz się tworzyć skomplikowane programy przy użyciu technik programowania obiektowego i funkcjonalnego. Ponadto sprawdzisz, jaki potencjał kryje język zapytań LINQ oraz jak przesyłać komunikaty za pomocš Windows Communication Foundation (WCF). Dodatkowo poznasz możliwo?ci C# w zakresie tworzenia aplikacji internetowych w technologii Silverlight. Nauka C# jeszcze nigdy nie była tak przyjemna. 
650 4 |a Information Technology  |x General and Others. 
856 4 0 |u https://proxy.library.tamu.edu/login?url=https://go.oreilly.com/TAMU/library/view/-/9781457175503/?ar  |z Connect to the full text of this electronic book  |t 0 
955 |a Safari/O'Reilly ebooks 
994 |a 92  |b TXA 
999 f f |s ccede0c2-f816-4dde-9955-f63c14734b04  |i 9a51cd88-1fc0-4f53-a01d-bffe6eeec756  |t 0 
952 f f |a Texas A&M University  |b College Station  |c Electronic Resources  |s www_evans  |d Available Online  |t 0  |e QA76.73.C153.G754 2012eb   |h Library of Congress classification 
998 f f |a QA76.73.C153.G754 2012eb   |t 0  |l Available Online